Miasta Goszczące Finały Mistrzostw Europy - Statystyki

Ogólne statystyki
  • Ten quiz został rozwiązany 210 razy
  • Średni wynik to 14 z 17
Statystyki odpowiedzi
Rok Miasto % Poprawnych
2024 Berlin
98%
2016 Paryż
98%
2020 Londyn
97%
1996 Londyn
97%
1984 Paryż
97%
1960 Paryż
97%
2012 Kijów
95%
2004 Lizbona
91%
1980 Rzym
88%
1968 Rzym
88%
1964 Madryt
87%
2008 Wiedeń
82%
1972 Bruksela
62%
1988 Monachium
62%
2000 Rotterdam
50%
1976 Belgrad
45%
1992 Goteborg
23%
Nie znaleziono quizów pasujących do podanych kryteriów
Rozkład punktacji
Procent ludzi z każdym wynikiem
Percentyl według liczby udzielonych odpowiedzi
Twoja historia wyników
Nie rozwiązałeś tego quizu